Le buteur de chaque équipe de Ligue 1 - 2024-2025 - Statistiques

Statistiques générales
  • Ce quiz a été pris 109 fois
  • Le résultat moyen est 9 sur 18
Statistiques - réponses
Hint Réponse % Correct
PSG Barcola
87%
Losc David
87%
OM Greenwood
85%
OL Lacazette
84%
Brest Ajorque
70%
Monaco Embolo
60%
Rennes Gouiri
55%
Strasbourg Emegha
52%
Nice Guessand
51%
Nantes Abline
38%
Lens Nzola
38%
Le Havre Ayew
34%
Reims Nakamura
28%
Auxerre Perrin
27%
Angers Lepaul
25%
Saint-Etienne Davitashvili
24%
Montpellier Al-Taamari
21%
Toulouse Aboukhlal
18%
Aucun quiz correspondant
Distribution des résultats
% des personnes avec chaque résultat
Percentile par nombre de réponses
Votre historique - résultats
Vous n’avez pas pris ce quiz